000 01382pam a2200313 a 4500
999 _c1915
_d1915
003 OSt
005 20210702064228.0
008 940208s1994 moua b 001 0 eng c
020 _a0815163339
040 _cDLC
050 0 0 _aRC86.7
_b.P48 1994
060 0 0 _aWO 700 N277 1994
245 0 0 _aPHTLS--pre-hospital trauma life support :
_bbasic and advanced /
_cPre-Hospital Trauma Life Support Committee of the National Association of Emergency Medical Technicians in cooperation with the Committee on Trauma of the American College of Surgeons.
250 _a3rd ed.
260 _aSt. Louis :
_bMosby,
_cc1994.
300 _axix, 396 p. :
_bcol. ill. ;
_c28 cm.
504 _aIncludes bibliographical references (p. 390-391) and index.
650 0 _aMedical emergencies.
650 0 _aFirst aid in illness and injury.
650 2 _aWound and Injuries
_xtherapy.
650 2 _aEmergencies.
650 2 _aFirst Aid
_xmethods.
710 2 _aNational Association of Emergency Medical Technicians (U.S.)
_bPre-Hospital Trauma Life Support Committee.
710 2 _aAmerican College of Surgeons.
_bCommittee on Trauma.
740 0 _aPre-hospital trauma life support.
906 _a7
_bcbc
_corignew
_d1
_eocip
_f19
_gy-gencatlg
942 _2lcc
_cBK
_nSO